000 00519nam a2200181Ia 4500
008 151202s9999||||xx |||||||||||||| ||und||
082 _bPNVM-43381
100 _aभावे पु.भा.
245 _aसावधान.
260 _b"वसंत बुक स्टॅाल ,मुंबई."
260 _c2000
300 _a229
600 _aभावे पु.भा.
630 _aसावधान.
700 _aभावे पु.भा.
730 _aसावधान.
942 _cBOOK
999 _c1309333
_d1309330